Grant's atlas of anatomy (Record no. 30589)

MARC details
000 -LEADER
fixed length control field 00452nam a2200181Ia 4500
020 ## - INTERNATIONAL STANDARD BOOK NUMBER
ISBN 9781451110319
050 ## - CALL MARK
Classification number QM 25 .A38/
100 ## - STATEMENT OF RESPONSIBILITY--MAIN AUTHOR NAME
Personal name Agur, Anne M. R.
245 #0 - TITLE STATEMENT
Title Grant's atlas of anatomy
260 ## - PUBLICATION, DISTRIBUTION, ETC. (IMPRINT)
Place of publication Philadelphia
260 ## - PUBLICATION, DISTRIBUTION, ETC. (IMPRINT)
Name of publisher Lippincott Williams and Wilkins
260 ## - PUBLICATION, DISTRIBUTION, ETC. (IMPRINT)
Year of publication 2013
300 ## - PHYSICAL DESCRIPTION
Number of Pages 817 p
650 ## - SUBJECT ADDED ENTRY--TOPICAL TERM
Topical Term Anatomy, Regional--Atlases.
942 ## - ADDED ENTRY ELEMENTS (KOHA)
Koha item type Books
Holdings
Withdrawn status Lost status Source of classification or shelving scheme Damaged status Not for loan Permanent Location Current Location Shelving location Date acquired Accession Number Price effective from Koha item type
    Library of Congress Classification     NILE UNIVERSITY OF NIGERIA - MAIN LIBRARY NILE UNIVERSITY OF NIGERIA - MAIN LIBRARY Items on shelf 04/23/2025 0186914 04/23/2025 Books